[Event "Solin 9th"]
[Site "Solin/Split"]
[Date "2001.12.08"]
[Round "1"]
[White "Dizdarevic, Emir"]
[Black "Kozul, Zdenko"]
[Result "1-0"]
[WhiteElo "2490"]
[BlackElo "2569"]
[Annotator "Ribli,Z"]
[PlyCount "139"]
[EventDate "2001.12.08"]
[EventType "tourn"]
[EventRounds "9"]
[EventCountry "CRO"]
[EventCategory "12"]
[SourceTitle "CBM 087"]
[Source "ChessBase"]
[SourceDate "2002.03.21"]
[SourceVersion "1"]
[SourceVersionDate "2002.03.21"]
[SourceQuality "1"]

1. c4 g6 (1... e6 2. g3 d5 3. Bg2 g6 4. Qb3 c6 5. Nf3 Bg7 6. d4 Ne7 7. O-O O-O
8. Nc3 b6 9. Bf4 Ba6 10. cxd5 Nxd5 {1/2-1/2 Kurajica,B-Van der Sterren,P/
Istanbul 2000/EXT 2001 (40)}) 2. g3 Bg7 3. Bg2 e6 {Diese Variante ist nicht
besonders gut - die Züge e6 und g6 passen gewöhnlich nicht zueinander.} 4. Nc3
Ne7 (4... c5) 5. d4 d5 6. cxd5 (6. Nf3 O-O 7. cxd5 exd5 8. Bg5 c6 9. Qd2 f6 10.
Bh6 Bxh6 11. Qxh6 Nf5 12. Qd2 {1/2-1/2 Kurajica,B-Rashkovsky,N/Strumica 1995/
EXT 97 (12)}) (6. e3 O-O 7. Nge2 dxc4 (7... c6 8. b3 b6 9. Ba3 Ba6 $5 10. cxd5
exd5 $5 11. O-O Re8 12. Re1 Nd7 13. Nf4 Nf6 14. Rc1 Nf5 15. Nd3 Bb7 16. Rc2 h5
{1-0 Salov,V-Arencibia,W/Biel 1993/CBM 37/[Salov] (51)}) 8. Qa4 c5 9. dxc5 Nd7
10. O-O Ne5 11. e4 Bd7 12. Qb4 N7c6 13. Qxb7 a5 14. Qb6 Qe7 15. Be3 Nd3 {
0-1 Vaulin,A-Aleksandrov,A/Kstovo 1994/CBM 42 ext (21)}) 6... exd5 7. Bg5 c6 8.
e3 {Das ist eine ähnliche Bauernstruktur wie im Damengambit - in der Folge
kann Weiß mit b4-b5 den bekannten Minoritäts-Angriff starten.} Nd7 9. Nge2 h6
$6 {Damit forciert Schwarz den Tausch des Bg5 - meiner Meinung nach - wäre es
aber besser die Entwicklung fortzusetzen.} (9... O-O) 10. Bxe7 {In solchen,
tendenziell eher geschlossenen Stellungen ist das Läuferpaar weniger von
Bedeutung.} Qxe7 11. Nf4 {[%cal Gf4d3]} O-O 12. O-O (12. h4) 12... Nb6 {
Falls Weiß a4 und b4 spielen sollte, kann der Nb6 auf c4 platziert werden.} 13.
Re1 {Weiß möchte nicht e3-e4 ziehen, sondern lediglich Bg2-f1 ermöglichen} Rd8
14. Qb3 $1 $14 {[%csl Rb6][%mdl 32] Weiß plant 15.a4. Es ist nicht leicht für
Schwarz. Gegenspiel zu finden, denn der Nb6 steht unglücklich.} Qd6 (14... Bf5
15. a4 $14) 15. a4 g5 $6 {Mit diesem Zug schwächt Schwarz seine Stellung und
vertreibt den gegnerischen Springer auf das gute Feld d3.} 16. Nd3 Nc4 17. a5
Rb8 (17... a6 18. Qd1 $14 {Nachfolgend kann Weiß den Nc4 verjagen und die
Felder b6 und c5 mit seinen Springern besetzen.}) 18. Qd1 Qg6 19. b3 Nd6 20. a6
Bf5 (20... bxa6 21. Nc5 $14 {[%csl Ra6][%cal Gg2f1,Gf1a6]}) (20... b6 21. Ne5
Bxe5 22. dxe5 Ne8 23. b4 $14 (23. f4 $14)) 21. Nb4 Ne4 22. Nxe4 dxe4 (22...
Bxe4 23. axb7 Rxb7 24. Na6 $14) 23. axb7 Rxb7 24. Na6 {[%csl Yc5][%cal Ga6c5]}
Bf8 25. Qc2 {Weiß macht sprübar Druck am Damenflügel.} h5 26. Rec1 Rd6 27. Ra5
{[%csl Ga5][%cal Ga5h5]} (27. Nc5 Re7 28. Ra6 $14 (28. Ra5 $14)) 27... Rd5 28.
Ra4 Rdb5 29. b4 $5 {Weiß verteidigt seinen Pb3 nicht, sondern vereinfacht
durch dieses vorübergehende Bauernopfer die Stellung.} Bxb4 30. Nxb4 Rxb4 31.
Rxb4 Rxb4 32. Qc5 $44 {[%csl Ra7,Rc6,Re4]} (32. Qxc6 $4 Qxc6 33. Rxc6 Rb1+ 34.
Bf1 Bh3 $19) 32... Rb6 (32... Rb7) 33. Qa5 Be6 (33... Rb7 34. Qa6 Rc7 35. Rc5
$16) 34. Qxa7 Rb2 35. Qa8+ Kg7 36. Qxc6 $16 Qf5 (36... f5 $16) 37. Rf1 Bd5 38.
Qc7 g4 39. h4 $1 gxh3 $6 {Es wäre besser, den Bauern nicht nehmen, denn jetzt
kann Weiß seinen etwas passiven Läufer aktivieren.} 40. Bxh3 Qf6 (40... Qxh3
41. Qe5+ {[%cal Re5d5,Re5g7]} f6 42. Qxd5 $16) 41. Qc5 Ba2 42. Bg2 h4 {Diesaer
Zug hilft nicht, aber guter Rat war hier schon teuer.} 43. gxh4 Qxh4 44. Qe5+
Qf6 45. Qxf6+ Kxf6 46. Bxe4 {[%mdl 4096] Mit zwei Mehrbauern muss Weiß das
Endspiel gewinnen, aber da das Material reduziert ist, muss er vorsichtig
agieren.} Kg5 47. Rc1 Be6 48. Kg2 Kf6 49. Kg3 Rb8 50. Kf4 Rh8 51. Rh1 Rb8 (
51... Rxh1 52. Bxh1 $18) 52. Rh5 {Weiß bereitet 53.Bd5 vor.} Rb2 (52... Rd8)
53. f3 Rd2 54. Bd5 Bd7 (54... Bxd5 55. Rxd5 $18) 55. Rh6+ Ke7 56. Ra6 {Droht
57.Ra7 mit sofortigem Gewinn.} (56. Rh7 Be8) 56... f6 57. Ra2 Rd1 (57... Rxa2
58. Bxa2 $18) 58. Rh2 Kd6 59. Be4 Re1 60. Rh7 Re2 61. Bd3 Rd2 62. Bf5 Bxf5 (
62... Bc6 63. Rf7 $18) 63. Kxf5 $18 {Jetzt ist der Gewinn ganz einfach.} Rd3
64. Kf4 (64. Kxf6 Rxe3 65. f4 $18) (64. Ke4 $18) 64... Ke6 65. Rh5 Kd6 66. d5
Ke7 (66... Rxd5 67. Rxd5+ Kxd5 68. Kf5 $18) 67. Rh7+ Ke8 68. e4 Kf8 69. Kg4 Re3
(69... Rd4 70. Kf5 $18) 70. d6 1-0

[Event "Kecskemet"]
[Site "Kecskemet"]
[Date "1990.??.??"]
[Round "1"]
[White "Bilek, Istvan"]
[Black "Schlosser, Philipp"]
[Result "1-0"]
[WhiteElo "2395"]
[BlackElo "2465"]
[Annotator "Ribli,Z"]
[PlyCount "73"]
[EventDate "1990.06.??"]
[EventType "tourn"]
[EventRounds "13"]
[EventCountry "HUN"]
[EventCategory "8"]
[SourceTitle "CBM 020"]
[Source "ChessBase"]
[SourceDate "1991.02.01"]
[SourceVersion "1"]
[SourceVersionDate "1991.02.01"]
[SourceQuality "1"]

1. c4 f5 2. g3 Nf6 3. Bg2 g6 4. Nc3 Bg7 5. d3 O-O 6. Bg5 $5 h6 7. Bxf6 Bxf6 8.
Qd2 Kh7 9. e4 Nc6 10. h4 d6 11. Nge2 a6 12. f4 e6 13. d4 Rb8 14. O-O-O Na5 15.
g4 $5 Nxc4 (15... fxg4 16. h5 g5 17. e5 $146) 16. Qd3 b5 17. g5 Bg7 18. h5 $1
hxg5 19. hxg6+ Kxg6 20. Bf3 $1 Rh8 (20... g4 21. exf5+ exf5 22. Bxg4 $18) 21.
Rhg1 Bh6 22. Kb1 Kf7 23. exf5 exf5 24. fxg5 Bxg5 25. Bd5+ Kf8 26. Qg3 Ne3 27.
Nf4 $1 Ng4 28. Ng6+ Kg7 29. Nxh8 Kxh8 30. Rh1+ Kg7 31. Qh3 Bh6 32. Ne2 Qg5 33.
Qc3 Qe7 34. Rde1 Be3 (34... b4 35. Qb3 Ne3 36. Rxh6) 35. Nf4 Bd7 36. Ne6+ Bxe6
37. Rxe3 (37. Rxe3 Nxe3 38. Qxe3 Re8 39. Qg3+) 1-0

[Event "ARG-World"]
[Site "Buenos Aires"]
[Date "1994.??.??"]
[Round "10"]
[White "Lombardy, William James"]
[Black "Soppe, Guillermo"]
[Result "1-0"]
[WhiteElo "2450"]
[BlackElo "2430"]
[Annotator "Ribli,Z"]
[PlyCount "71"]
[EventDate "1994.04.??"]
[EventType "schev"]
[EventRounds "10"]
[EventCountry "ARG"]
[SourceTitle "CBM 042"]
[Source "ChessBase"]
[SourceDate "1994.10.01"]
[SourceVersion "1"]
[SourceVersionDate "1994.10.01"]
[SourceQuality "1"]

1. c4 e6 2. g3 d5 3. Bg2 c6 4. Nf3 Bd6 5. O-O f5 $6 (5... Nf6 $5) 6. d3 $5 Nf6
7. Nc3 {-> A10} O-O 8. e4 $1 dxe4 (8... Bc7 9. cxd5 exd5 10. e5 Nfd7 11. d4 Nb6
12. Ne2 Kh8 13. h4 $16 {Vaganian,R-Piasetski,L/Toronto/1990/}) 9. dxe4 e5 (9...
Ng4 10. Qe2 Na6 11. e5 Bb4 12. h3 Nh6 13. Rd1 Qe8 14. Bxh6 gxh6 15. Qe3 Kg7 16.
Ne2 Be7 17. h4 $16 {Hertneck,G-Knaak,R/Potsdam/1988/}) 10. exf5 Bxf5 11. Qb3 $1
Qb6 12. Be3 Qxb3 13. axb3 $14 Na6 14. h3 Bc7 15. g4 Bd3 16. Rfd1 e4 (16... Bc2
17. Rdc1 Bxb3 $2 18. Nd2 $18) 17. Nd4 Bb6 (17... Nb4 18. Ne6 $16) 18. Nxc6 $1
Bxe3 19. fxe3 Nc5 20. Na5 b6 (20... Bc2 21. Rdc1 Nxb3 22. Nxb3 Bxb3 23. Nxe4
Nxe4 24. Bxe4 Rae8 25. Bd5+ Kh8 26. Rc3 $18) 21. b4 Ne6 22. Nc6 Bxc4 23. Rxa7
Rxa7 24. Nxa7 Ng5 25. Nc6 h5 26. gxh5 (26. h4 $2 Nf3+ 27. Bxf3 exf3 28. g5 Ng4
$19) 26... Nxh5 27. Ne5 Be6 28. h4 Nf3+ 29. Bxf3 exf3 30. Kf2 $1 Bh3 (30... Nf6
31. Rd6 Ng4+ 32. Nxg4 Bxg4 33. Rxb6 Rd8 34. Ne4 $18) 31. Rd4 Bg2 32. Ne4 Nf6
33. Ng5 Re8 34. Nexf3 Bh1 35. e4 Ng4+ 36. Kg3 1-0

[Event "Budapest zt 1.4"]
[Site "Budapest"]
[Date "2000.06.25"]
[Round "9"]
[White "Delchev, Aleksander"]
[Black "Blatny, Pavel"]
[Result "0-1"]
[WhiteElo "2560"]
[BlackElo "2512"]
[Annotator "Ribli,Z"]
[PlyCount "68"]
[EventDate "2000.06.17"]
[EventType "swiss"]
[EventRounds "9"]
[EventCountry "HUN"]
[SourceTitle "CBM 078"]
[Source "ChessBase"]
[SourceDate "2000.10.18"]
[SourceVersion "1"]
[SourceVersionDate "2000.10.18"]
[SourceQuality "1"]

1. c4 b6 {Großmeister Blatny spielt gern Systeme mit b6 (bzw. mit b3).} 2. Nc3
Bb7 3. e4 (3. d4 e6 4. a3 {Das ist die grundsätzliche Alternative für Weiß.
Anschließend kann er d4-d5 ziehen, mit Raumvorteil. (Der Zug 4.a3 richtet sich
gegen die Fesslung durch Bb4.)}) 3... e5 (3... e6 4. g3 f5 5. Bg2 Nf6 6. d3
fxe4 7. Nge2 Nc6 8. Nxe4 Bb4+ (8... Nxe4 9. Bxe4 Bb4+ 10. Bd2 Bxd2+ 11. Qxd2
O-O 12. O-O Qf6 13. Rad1 Rad8 14. Qc3 Na5 15. Bxb7 Nxb7 16. Qxf6 Rxf6 17. d4
Nd6 18. b3 Rf3 19. Kg2 Rdf8 20. Nf4 Rc3 21. Rc1 Rxc1 22. Rxc1 Nf5 23. Ne2 {
1/2-1/2 Smejkal,J-Kengis,E/Germany 2000/CBM 75 (23)}) 9. Bd2 Bxd2+ 10. Qxd2 O-O
11. O-O Rb8 12. d4 Na5 13. Nxf6+ Qxf6 14. Rac1 Bxg2 15. Kxg2 Nc6 16. f4 Ne7 17.
Ng1 $1 {1-0 Smejkal,J-Speelman,J/Germany 1999/GER-chT (29)}) 4. Nf3 (4. Nge2
Nf6 5. d3 d6 6. g3 Be7 7. Bg2 Nbd7 8. O-O Rb8 9. f4 {1/2-1/2 Solger,
B-Keckeisen,R/Jedesheim 1991/EXT 97 (72)}) 4... Nc6 (4... d6 5. d4 exd4 6. Nxd4
Nf6 7. Bd3 Nbd7 8. Qe2 Be7 9. O-O O-O 10. Nf5 Re8 11. f3 Bf8 12. Qf2 Ne5 13.
Be2 Bc8 14. Ne3 {1-0 Endres,T-Oberem,M/Waldshut 1991/GER (42)}) 5. d4 exd4 6.
Nxd4 Bb4 (6... Nf6) 7. Nxc6 (7. Be2 Nf6 8. O-O Bxc3 9. bxc3 O-O 10. Bg5 h6 11.
Bh4 g5 12. Bg3 Nxe4 13. Nf5 Qf6 14. Qxd7 Nc5 15. Qd5 Rad8 16. Qf3 Nd4 {0-1
Rasmussen,K-Conquest,S/Saint Vincent 2000/CBM 78_02 (47)}) 7... Bxc3+ (7...
Bxc6 8. Bd3 Bxc3+ 9. bxc3 Qf6 10. Qc2 d6 11. O-O Ne7 12. Be3 Qe6 13. Bd4 f6 14.
f4 O-O-O 15. a4 a5 16. Rab1 h5 17. Rfe1 Qg4 18. e5 dxe5 19. fxe5 fxe5 20. h3
Qg3 21. Rxe5 Bxa4 22. Qxa4 Qxd3 23. Rbe1 Ng6 24. R5e3 Qf5 25. Qc6 Rd6 26. Re8+
Rxe8 27. Qa8+ {1-0 Deubelbeiss,R-Horn,P/SWZ-chT 1993/TD (27)}) 8. bxc3 Bxc6 9.
Qd4 $13 {Weiß hat zwar das Läuferpaar, aber die schwarze Bauernstruktur ist
viel besser.} Qf6 (9... Nf6 10. Bd3 (10. f3 O-O $13) 10... d6 (10... Nxe4 $4
11. Bxe4 Qe7 12. O-O $18 {[%cal Gf1e1,Ge1e8]} (12. f3 f5 $15)) 11. O-O O-O 12.
Bg5 $13) 10. Bd3 (10. Qxf6 Nxf6 11. f3 d6 $15 {[%csl Rc3,Rc4][%cal Gf6d7,Gd7c5,
Gd7e5]}) 10... Qg6 {Die Dame verlässt das Feld f6. Schwarz kann natürlich
nicht auf d4 nehmen, dann dadurch bekäme Weiß eine starke Bauernmasse im
Zentrum.} (10... d6) 11. O-O Ne7 12. Ba3 (12. c5 $13) 12... d6 {Mit diesem Zug
legt Schwarz den weißen Doppelbauern auf c3 - c4 fest und schränkt zugleich
die Aktivität des Ba3 ein.} 13. f3 Qg5 (13... O-O-O 14. e5 {[%cal Rd3g6]} dxe5
15. Bxg6 (15. Qxd8+ Rxd8 16. Bxg6 Nxg6 $44) 15... exd4 16. Bxe7 hxg6 17. Bxd8
Rxd8 18. Rad1 dxc3 19. Rxd8+ Kxd8 20. Rc1 $14) 14. f4 Qa5 $5 {Mit dieser
Fortsetzung zwingt Schwarz den Läufer zunächst nach b4, von wo aus er ihn
anschließend durch c7-c5 mit Tempo vertreiben kann.} (14... Qh5) 15. Bb4 Qh5
16. Rf3 $5 {[%cal Gf3h3]} (16. Qxg7 Rg8 17. Qd4 (17. Qf6 Qh3 {[%csl Rg2][%cal
Rh3d3]} 18. g3 Rg6 19. Qd4 (19. Qh8+ Kd7 $19) 19... Nf5 $19) 17... Qh3 18. Rf2
(18. g3 $2 Nf5 $19) 18... Nf5) 16... Bd7 {[%cal Rc7c5,Rc5b4,Rc5d4]} (16... O-O
17. Rh3 Qg6 18. Rg3 Qh6 19. e5 $36) 17. Rg3 Rg8 (17... f6 18. Rxg7 Qh6 19.
Rxe7+ Kxe7 20. e5 $13) 18. Qe3 $2 {Dieser Zug gefällt mir nicht - das Material
bleibt ausgeglichen, und Weiß hat keine Aktivität.} (18. Rxg7 $5 O-O-O (18...
c5 $2 19. Rxg8+ Nxg8 20. Qg7 $16) 19. Rxg8 Rxg8 $44) 18... c5 19. Ba3 O-O-O $15
{Das weiße Läuferpaar steht passiv, während sich Schwarz einer gesunden
Stellung erfreut.} 20. f5 $6 {Dieser Zug schwächt das Feld e5 und verschafft
Schwarz einem guten Stützpunkt. Weiß möchte 21.Rh3 spielen, denn jetzt ist die
Diagonale des Bd7 geschlossen.} f6 {[%cal Ge7c6,Gc6e5]} 21. Rh3 Qf7 22. Rxh7
Nc6 {[%csl Ye5][%cal Gc6e5] Schwarz hat einen Bauern weniger, aber sein
Springer zielt nach e5, und es gibt viele schwache Bauern in der weißen
Stellung.} 23. Rf1 Ne5 {[%csl Ge5]} 24. Bc1 Bc6 {Schwarz gibt sich nicht mit
dem sofortigen Rückgewinn des Bauern zufrieden, sondern verstärkt den
positionellen Druck.} (24... Nxc4 25. Qe2 Ne5 $15) (24... Rh8 25. Rxh8 Rxh8 $44
) 25. Qe2 Rge8 {[%cal Gc6e4,Ge8e4]} 26. Rf4 Re7 {[%cal Gd8e8,Ge8e2]} 27. Rh3
Bb7 {[%cal Gb7a6,Ga6c4] Vorher war Nxc4 möglich, jetzt bereitet Schwarz das
Manöver Ba6-Bxc4 vor. Der Pc4 nicht zu halten.} 28. Rfh4 {Mit dieser
Turmverdopplung kann Weiß nicht mehr als Turmtausch erreichen. Aber ich sehe
auch keine aktivere Alternative für Weiß.} Ba6 {[%mdl 2048]} 29. Rh8 Bxc4 30.
Rxd8+ Kxd8 31. Bxc4 (31. Rh8+ Kc7 $15 {Der schwarze König befindet sich
vollkommen in Sicherheit.}) 31... Qxc4 32. Qd1 (32. Qxc4 Nxc4 $15 {[%csl Rc1,
Gc4] In diesem Endspiel ist der Nc4 viel aktiver als der weiße Läufer.}) 32...
Kc7 33. Qd5 Qe2 $5 {Auch der Damentausch wäre vorteilhaft für Schwarz, aber er
möchte die Damen lieber auf dem Brett behalten.} (33... Qxd5 34. exd5 b5 $15 (
34... Nc4 $15)) 34. Bd2 $4 {[%mdl 8192] Ein entscheidender Fehler in
schlechter Stellung.} (34. Re3 Qc2 35. Bd2 b5 $15) 34... Nc4 $19 (34... Nc4 35.
Rd3 Nxd2 (35... b5 $17) 36. Qxd6+ (36. Rxd2 Qe1#) 36... Kb7 37. Qxe7+ Ka6 $19 {
[%cal Re2e1,Re1g1,Re2d3]}) 0-1

[Event "Bundesliga 9900"]
[Site "Germany"]
[Date "2000.03.12"]
[Round "12.3"]
[White "Hertneck, Gerald"]
[Black "King, Daniel J"]
[Result "0-1"]
[WhiteElo "2571"]
[BlackElo "2514"]
[Annotator "Ribli,Z"]
[PlyCount "124"]
[EventDate "1999.10.09"]
[EventType "team-tourn"]
[EventRounds "15"]
[EventCountry "GER"]
[SourceTitle "CBM 076"]
[Source "ChessBase"]
[SourceDate "2000.05.31"]
[SourceVersion "1"]
[SourceVersionDate "2000.05.31"]
[SourceQuality "1"]
[WhiteTeam "Tegernsee"]
[BlackTeam "Castrop Rauxel"]
[WhiteTeamCountry "GER"]
[BlackTeamCountry "GER"]

1. c4 b6 {Das ist eine in England beliebte Variante - Speelman, Miles, Hodgson
und viele englische Spieler wählen diese Fortsetzung gerne.} (1... e6 2. Nc3 b6
3. g3 Bb7 4. Nf3 Bxf3 5. exf3 c5 6. d4 cxd4 7. Qxd4 Nc6 8. Qd2 Qf6 9. Bg2 Qe5+
10. Qe2 Rc8 11. Bd2 f5 12. Be3 Nf6 13. O-O Be7 14. Rfd1 O-O 15. h3 Bc5 16. f4
Qb8 {1/2-1/2 Van Wely,L-Zvjaginsev,V/New York 1997/CBM 57 ext (36)}) 2. g3 $6 {
Nach 1...b6 ist diese Fortsetzung keineswegs logisch. Ich glaube, dass diese
Fortsetzung Weiß keinen Vorteil verschafft. Stattdessen müsste Weiß versuchen,
durch Spiel im Zentrum Vorteil zu bekommen - 2.d4 e6 3.e4, oder 2.d4 e6 3.a3
Bb7 4.d5, denn nach sofortigem 2...Bb7 kommt 3.d5 in Betracht.} (2. Nc3 e6 3.
Nf3 Bb7 4. g3 Bxf3 5. exf3 c5 6. Bg2 (6. d4 cxd4 7. Qxd4 Nc6 8. Qd3 Rc8 9. f4
Bb4 10. Bd2 Nf6 11. Bg2 Na5 12. b3 O-O 13. O-O d5 14. cxd5 Bxc3 15. Bxc3 Nxd5
16. Bxa5 bxa5 17. Rfd1 Nc3 {1/2-1/2 Seul,G-Kengis,E/Bonn 1995/EXT 97 (25)})
6... Nc6 7. f4 (7. O-O Nge7 8. d3 (8. b3 Nf5 9. Bb2 Be7 10. Ne2 Bf6 11. Bc3 O-O
12. f4 Rc8 13. Rb1 Re8 14. a3 a5 15. Qc2 h5 16. Rbd1 g6 {0-1 Van Tol,L-Duijn,R/
Leeuwarden 1995/EXT 97 (38)}) 8... Nf5 9. Bh3 Nfd4 10. Be3 Be7 11. Bxd4 Nxd4
12. Bg2 O-O 13. f4 Rc8 14. Qa4 Qc7 15. Nb5 Nxb5 16. Qxb5 Bf6 {0-1 Christensen,
T-Welling,G/Copenhagen 1995/EXT 97 (58)}) 7... Nge7 8. b3 Nf5 9. Bb2 Be7 10.
Ne4 O-O 11. O-O a6 12. d3 Nfd4 13. Qd2 f5 14. Nc3 Bf6 15. Ne2 Nxe2+ 16. Qxe2
Bxb2 17. Qxb2 Nd4 18. b4 Rb8 19. Rab1 Qc7 {1/2-1/2 Andreasen,P-Brendel,O/
Copenhagen 1991/EXT 97 (49)}) 2... Bb7 3. Nf3 Bxf3 $5 {Konsequent gespielt.
Schwarz hat keine Angst vor dem weißen Läuferpaar und tauscht seinen Läufer ab.
Dadurch erhält Weiß eine schlechte Bauernstruktur am Königsflügel.} (3... c5) (
3... Nf6) (3... g6) 4. exf3 c5 5. b3 $6 {Dieser Zug gefällt mir nicht -
Schwarz kann ohne Probleme das Schlüsselfeld d4 besetzen..} (5. d4 $5 {Dieser
Zug scheint mir logischer als die Partiefortsetzung - Weiß öffnet die Stellung
für sein Läuferpaar und kann auf der d- und e-Linie positionellen Druck
entwickeln..} cxd4 6. Qxd4 Nc6 7. Qd1 (7. Qd2 $6 e6 8. Nc3 Rc8 9. b3 Qf6 10. f4
d5 $17) 7... e6 (7... g6) 8. Bg2 Rc8 9. Nd2 Ne5 $11) (5. Nc3 Nc6 6. Bg2 g6 7.
d3 Bg7 8. Be3 e6 9. f4 Nge7 $15 {[%csl Yd4] Schwarz übt spürbar positionellen
Druck auf das Feld d4 aus.}) 5... Nc6 6. Bg2 (6. Bb2) 6... e6 7. f4 Nge7 $1 {
[%csl Yd4][%cal Ge7f5,Gf5d4] Dieser Springerzug ist auf die Besetzung des
Punktes d4 gerichtet.} 8. O-O Nf5 9. Bb2 Be7 {[%cal Ge7f6,Gf6a1]} 10. Na3 (10.
Bxc6 $6 dxc6 $17 {Es ist richtig, dass Schwarz auch einen Doppelbauern zu
beklagen hat, aber der weiße d-Bauer ist eine ewige positionelle Schwäche.
Schwarz übt spürbar positionellen Druck auf der d-Linie aus.}) 10... Bf6 $15 {
[%mdl 32] Mit einfachen Entwicklungszügen hat Schwarz aufgrund der weißen
Schwäche auf d4 leichten, aber fühlbaren Vorteil erreicht.} 11. Bc3 (11. Bxf6
$6 Qxf6 $15) 11... O-O (11... Bxc3 $2 12. dxc3 $11 {So kommt Weiß zu Spiel auf
der d-Linie.}) 12. Nc2 g6 {Ein prophylaktischer Zug - Schwarz möchte
anschließend Bg7 spielen und die Dame von der Verteidigung des Läufers
entbinden. Möglicherweise kommt auch h7-h5 in Betracht.} (12... Rc8 $15) (12...
Nfd4 $15) 13. Ne3 $6 (13. Bxc6 dxc6 14. Qf3 $5) 13... Nfd4 {[%csl Gd4]} 14. a3
{[%cal Gb3b4] Weiß strebt die Öffnung der Stellung durch 15.b4 an.} a5 15. Rb1
Bg7 16. b4 {Das ist die einzige aktive Möglichkeit für Weiß.} axb4 17. axb4
cxb4 18. Bxd4 (18. Bxb4 Nxb4 19. Rxb4 Ra1 $1 (19... Ra2 20. Ra4) 20. Rb1 (20.
Qxa1 Ne2+ $17) 20... Ra2 $15 {[%csl Ga2,Gd4]}) 18... Nxd4 19. Nc2 (19. Bxa8
Qxa8 {[%cal Ga8h1]} 20. f3 b3 21. Rxb3 {Sonst kann Schwarz den b-Bauern mit
Qa4 oder Qa3 verteidigen.} Nxb3 22. Qxb3 Qc6 $15) 19... Ra5 20. Rxb4 (20. Nxb4
Qc7 $15) 20... Qc7 21. Nxd4 Bxd4 {[%csl Gd4] Der Bd4 steht ausgezeichnet - er
attackiert den Pf2 und vertedigt den eigenen Pb6. Zwar befinden sich
ungleichfarbige Läufer auf dem Brett - von daher könnte man vermuten, dass ein
Remis wahrscheinlich ist. In Wirklichkeit aber ist - aufgrund der vorhandenen
Schwerfiguren - die Anwesenheit der ungleichfarbigen Läufer vorteilhaft für
den Angreifer.Unsere Partie ist ein schönes Beispiel zu diesem Thema.} 22. Qb3
Qd6 23. Ra4 Bc5 24. Ra2 (24. Rxa5 $2 bxa5 $17 {Der a-Freibauer wäre sehr
unangenehm für Weiß.}) 24... Qd4 {[%cal Gc5g1]} 25. Rc2 (25. h3 Rc8 $15 {
[%cal Gc8c7,Gc7a7]}) 25... Ra1 {Droht 26...Qxf2+.} 26. Qe3 (26. Rxa1 Qxa1+ 27.
Bf1 Ra8 $36) 26... Rxf1+ 27. Bxf1 Qa1 (27... Qxe3 $2 28. fxe3 $11 {[%cal Gd2d4]
}) 28. Qc3 (28. Qd3 $2 Ra8 29. Qxd7 Qe1 30. d4 Ra1 $19) 28... Qxc3 29. Rxc3 Ra8
{[%csl Ga8,Gc5][%cal Ga8a1][%mdl 4096] Schwarz besitzt positionellen Vorteil.
Er hat die offene a-Linie, und sein Läufer steht aktiv. Weiß befindet sich in
einer passiven Stellung ohne Gegenspiel.} 30. Rc2 Kf8 31. Kg2 Ra3 32. Be2 Ke7 {
Schwarz muss mit dem König ins Zentrum wandern, weil Turm und Läufer allein
keinen konkreten Voteil erzwingen können.} 33. h4 h5 34. Bf3 Bd4 35. g4 $6 {
Psychologisch ist es verständlich, dass Weiß die Geduld verliert und aktiv
spielen möchte. Faktisch schwächt dieser Plan den Pf4. Aber der Kommentator
hat es in schwierigen Situationen immer leichter als der Spieler. Wenn Weiß
tatsächlich nicht g3-g4 gespielt und die Partie verloren hätte, könnte man
sagen, es wäre besser gewesen, mindestens ein Bauernpaar mit 35.g4
abzutauschen. Dieses Problem findet sich u.a. in Grossmeister Bronsteins
sensationellem Buch über das WM-Kandidatenturnier Zürich 1953 beschrieben.}
hxg4 36. Bxg4 Bc5 {[%cal Rc5d6,Rd6f4]} 37. h5 f5 {Mit diesem Zug fixiert
Schwarz die Schwächung von f4.} 38. Be2 gxh5 39. Bxh5 Rd3 {Weiß hat kein
Gegenspiel, und gegen die Drohung Rd4-Rxf4 ist er machtlos.} (39... Bd6 40. Rb2
) 40. Be2 Rd4 $17 41. f3 (41. Kf3 Bd6 42. Ke3 Re4+ $17) 41... Rxf4 {Gewöhnlich
bekommt man zumindest etwas Gegenspiel, wenn mann einen Bauern verliert. Hier
jedoch nicht - Weiß hat dieselbe passive Stelllung wie zuvor.} 42. Rc1 Rd4 43.
d3 Kd6 {[%cal Gd6e5,Ge5f4,Gf4e3] Der Schwarze König hat viele Möglichkeiten,
in die weiße Stellung einzudringen.} 44. Rh1 Ke5 45. Kg3 Rd6 {Schwarz muss den
Turm befreien, er muss ein aktiveres Feld statt d4 für ihn finden. Mit dem
Textzug räumt er zugleich den Punkt d4 für den König.} 46. Rh4 Be3 {[%cal
Gf5f4]} 47. Bf1 (47. f4+ Kd4 $17) 47... f4+ 48. Kg4 Kd4 {[%csl Gd4,Gd6,Ge3]}
49. Rh2 Kc3 {Droht das Qualitätsopfer auf d3.} 50. Ra2 Rc6 (50... Rxd3 $4 51.
Ra3+ $18) 51. Ra7 Rc8 {[%cal Rg8g4,Rc8g8] Schwarz verteidigt den Pd7 nicht,
sondern sucht zusätzliche Aktivität.} 52. Rxd7 Rg8+ 53. Kh4 Rg3 54. Bh3 e5 (
54... Rxf3 $6 55. Bxe6 $15) 55. Bg4 Bd4 {Die Stellung ist materiell wieder
ausgeglichen, aber Weiß kann den Pd3 nicht verteidigen.} 56. Kg5 Kxd3 57. Rc7
Rg1 (57... Ke3 {Schwarz möchte 58...Rxf3 spielen.} 58. Ra7) 58. Kf5 (58. Rc8
Bc5 59. Kf6 (59. Kf5 Re1 60. Re8 Bd4 61. Rc8 Rc1 62. Bh3 b5 $19) 59... Rxg4 60.
fxg4 f3 $19) 58... Rc1 59. Ke6 Rxc4 $19 {Schwarz hat nun schon zwei Bauern
mehr und steht auf Gewinn.} (59... b5) 60. Bf5+ Kc3 61. Rb7 (61. Rxc4+ Kxc4 $19
{Das Läuferendspiel ist leicht gewonnen für Schwarz - der weiße König befindet
sich weit ab vom Hauptkriegsschauplatz.}) 61... Kd2 62. Kd5 Rc3 {Weiß gab in
hoffnungsloser Stellung auf.} 0-1